000 00738nam a2200193Ia 4500
008 0000001987 sp a 0000000000spa00
090 _aPSP00 C17c1
100 1 _aCarrillo, Juan.
245 1 0 _aCarrillo
_b: poeta del color
300 _a[12] p.
_c/ 25 cm.
500 _aExposición realizada en Velázquez, Galeria de Arte, Valladolid, Febrero 1528, 1987 \ Con el patronazgo del maestro venezolano Jesús Rafael Soto (q.e.p.d.) \
600 0 0 _aCARRILLO, JUAN/
_xTRABAJOS PICTORICOS
650 1 4 _aARTE CONTEMPORANEO ESPAÑOL
650 1 4 _xCATALOGOS
650 1 4 _xEXPOSICIONES
650 1 4 _aPINTORES ESPAÑOLES
650 1 4 _aPINTURA ESPAÑOLA
999 _c6600
_d6600
260 _aValladolid (España) : Velazquez Galería de Arte
_c1987